| 000 | 00525cab a2200193 4500 | ||
|---|---|---|---|
| 001 | WB2722-17 | ||
| 008 | 090401t1991 xxu||||| |||| 00| 0 eng d | ||
| 035 | _a(Sirsi) u1820 | ||
| 041 | _aeng | ||
| 245 | _aAlterations to facades | ||
| 260 | _c1991 | ||
| 350 | _a0 | ||
| 490 |
_aDaily Telegraph _v3 June 1991, 6(1) |
||
| 520 | _aHistoric towns are threatened by an epidemic of building alterations according to English Historic Towns Forum . | ||
| 650 | _aFACADES | ||
| 690 | _aCON | ||
| 942 | _n0 | ||
| 948 | _c04/03/1997 | ||
| 999 |
_c1053 _d1053 |
||